000 00529cam a22002174a 4500
005 20250605164258.0
008 250528s ||||||||||||||||||||||||d
035 _a21966
020 _a9780071121354
040 _aGR-AtMCL
_bgre
_dGR-AtMCL
_eAACR2
245 1 _aFINANCIAL AND MANAGERIAL ACCOUNTING
250 _a12
260 _bMcgraw Hill,
_c2002
300 _a1135
700 1 _aBettner Mark
_96602
700 1 _aHaka Susan
_97846
700 1 _aWilliams Jan R
_97847
942 _cBK
999 _c7022
_d7022